Marketingová komunikácia mestskej časti Bratislava – Ružinov diplomová práca

Guardado en:
Detalles Bibliográficos
Autor principal: Peller, Filip
Autor Corporativo: Obchodná fakulta EU. Katedra marketingu
Otros Autores: Hasprová, Mária, 1970-
Formato: Libro
Lenguaje:eslovaco
Publicado: Bratislava 2011
Etiquetas: Agregar Etiqueta
Sin Etiquetas, Sea el primero en etiquetar este registro!

MARC

LEADER 00000nbm a2200000 4500
001 0131778
005 20161109101730.2
041 0 |a slo 
044 |a SK 
245 1 0 |a Marketingová komunikácia mestskej časti Bratislava – Ružinov  |b diplomová práca  |c Filip Peller ; školiteľ: Mária Hasprová 
264 1 |a Bratislava  |c 2011 
300 |a 92 s. 
100 1 |a Peller, Filip 
700 1 |a Hasprová, Mária, 1970- 
710 2 |a Obchodná fakulta EU. Katedra marketingu